Mainstreaming sustainable regeneration (Record no. 103296)
[ view plain ]
| 000 -LEADER | |
|---|---|
| fixed length control field | 01463cam a2200253 4500 |
| 001 - CONTROL NUMBER | |
| control field | J124857 |
| 008 - FIXED-LENGTH DATA ELEMENTS--GENERAL INFORMATION | |
| fixed length control field | 111205n2003 000 0 eng u |
| 035 ## - SYSTEM CONTROL NUMBER | |
| System control number | (Sirsi) u124857 |
| 041 ## - LANGUAGE CODE | |
| Language code of text/sound track or separate title | eng |
| 050 ## - LIBRARY OF CONGRESS CALL NUMBER | |
| Classification number | 711.52 |
| -- | 18 |
| 110 ## - MAIN ENTRY--CORPORATE NAME | |
| Corporate name or jurisdiction name as entry element | Sustainable Development Commission |
| 9 (RLIN) | 4213 |
| 245 ## - TITLE STATEMENT | |
| Title | Mainstreaming sustainable regeneration |
| Remainder of title | a call to action |
| 260 ## - PUBLICATION, DISTRIBUTION, ETC. | |
| Place of publication, distribution, etc. | London |
| Name of publisher, distributor, etc. | Sustainable Development Commission |
| Date of publication, distribution, etc. | 2003 |
| 520 ## - SUMMARY, ETC. | |
| Summary, etc. | In this report the Sustainable Development Commission advocates planning reform as the best opportunity to make sustainable development a mainstream practice. The Commission considers the Planning and Compulsory Purchase Bill a crucial vehicle for integrating sustainability with development and identifies criteria for sustainable regeneration, flags up examples of good practice and recommends ways of making such schemes mainstream. |
| 650 ## - SUBJECT ADDED ENTRY--TOPICAL TERM | |
| Topical term or geographic name entry element | SUSTAINABLE DEVELOPMENT |
| 650 ## - SUBJECT ADDED ENTRY--TOPICAL TERM | |
| Topical term or geographic name entry element | PLANNING REFORM |
| 650 ## - SUBJECT ADDED ENTRY--TOPICAL TERM | |
| Topical term or geographic name entry element | PLANNING AND COMPULSORY PURCHASE ACT 2004 |
| 650 ## - SUBJECT ADDED ENTRY--TOPICAL TERM | |
| Topical term or geographic name entry element | REGENERATION |
| 650 ## - SUBJECT ADDED ENTRY--TOPICAL TERM | |
| Topical term or geographic name entry element | GOOD PRACTICE |
| 690 ## - LOCAL SUBJECT ADDED ENTRY--TOPICAL TERM (OCLC, RLIN) | |
| Topical term or geographic name as entry element | ENVIRONMENTAL AND LAND CONSULTANCY-SUSTAINABILITY-SUSTAINABLE DEVELOPMENT |
| 856 ## - ELECTRONIC LOCATION AND ACCESS | |
| Uniform Resource Identifier | <a href="https://www.sd-commission.org.uk/publications.php?id=145">https://www.sd-commission.org.uk/publications.php?id=145</a> |
| Public note | View Pt 1 of the report free of charge at the report at www.sd-commission.org.uk |
| 856 40 - ELECTRONIC LOCATION AND ACCESS | |
| Uniform Resource Identifier | <a href="https://www.sd-commission.org.uk/publications.php?id=139">https://www.sd-commission.org.uk/publications.php?id=139</a> |
| Public note | View Pt 2 of the report free of charge at the report at www.sd-commission.org.uk |
| 942 ## - ADDED ENTRY ELEMENTS (KOHA) | |
| Suppress in OPAC | 0 |
| Withdrawn status | Lost status | Source of classification or shelving scheme | Damaged status | Not for loan | Home library | Current library | Shelving location | Date acquired | Total Checkouts | Full call number | Barcode | Date last seen | Copy number | Price effective from | Koha item type |
|---|---|---|---|---|---|---|---|---|---|---|---|---|---|---|---|
| Dewey Decimal Classification | Virtual | Virtual | Online | 16/01/2004 | ONLINE PUBLICATION | 124857-2001 | 06/08/2019 | 1 | 06/08/2019 | Book |